Doctrinas esenciales: Gaceta jurídica. Derecho Civil

Saved in:
Bibliographic Details
Main Author: Verdugo Marinkovic, Mario (Author)
Other Authors: Hernández Emparanza, Domingo (autor)
Format: Book
Language:Spanish
Published: Santiago Legal Publishing 2011
Edition:1a. ed
Subjects:
Tags: Add Tag
No Tags, Be the first to tag this record!

MARC

LEADER 00000cam a2200000 a 4500
001 UCG9127
003 CL-VaPUC
008 120120e20110400CL |||||||||||||||||spa|d
020 |a 9789562389907o.c 
020 |a 9789562389914t.1 
020 |a 9789562389938t.2 
082 0 4 |a 346.83  |b VER  |2 21 
100 0 |a Verdugo Marinkovic, Mario  |e author  |9 560532 
700 |a Hernández Emparanza, Domingo  |e autor  |9 561173 
245 1 0 |a Doctrinas esenciales: Gaceta jurídica. Derecho Civil 
250 |a 1a. ed 
300 |a t 
942 |c BK 
945 |d 20120120 00:00:00  |a dcastane 
260 |a Santiago  |b Legal Publishing  |c 2011 
500 |a t.1: 1976-2010 
500 |a t.2: 1976-2010 
650 0 |a Derecho civil  |9 255013 
650 0 |a Derecho comparado  |9 255664 
650 0 |a Obligaciones   |9 255578 
650 0 |a Actos jurídicos  |9 255748 
650 0 |a Contratos  |9 255153 
650 0 |a Negocio jurídico  |9 258242 
583 |a last modification  |c 20120120 10:38:00  |k Rodrigo Vera 
999 |c 346695  |d 346693 
952 |0 0  |1 0  |4 0  |6 346_830000000000000_VER_2011  |7 0  |8 A  |9 447498  |a BIBDER  |b BIBDER  |d 2019-11-22  |h t.1  |i 4833716  |l 1  |o 346.83 VER 2011  |p 4833716  |r 2025-03-27  |s 2025-03-27  |w 2019-11-22  |y BK  |k DER 
952 |0 0  |1 0  |4 0  |6 346_830000000000000_VER_2011  |7 0  |8 A  |9 447499  |a BIBDER  |b BIBDER  |d 2019-11-22  |h t.2  |i 4833724  |o 346.83 VER 2011  |p 4833724  |r 2023-01-25  |w 2019-11-22  |y BK  |k DER